[Event "Madrid ch 2016/2017 - Previa B"]
[Site "Madrid ESP"]
[Date "2017.02.11"]
[Round "5.2"]
[White "Vazquez Gonzalez, Jesus"]
[Black "Garcia Prados, David"]
[Result "1-0"]
[WhiteElo "1911"]
[BlackElo "1928"]
[PlyCount "75"]
[EventDate "2017.02.02"]
[EventType "swiss"]
[EventRounds "9"]
[EventCountry "ESP"]
[SourceTitle "Ajedrez en Madrid"]
[Source "lmi"]
[SourceDate "2017.02.02"]

1. e4 e6 2. Bd3 c5 3. c3 Nc6 4. Nf3 Be7 5. O-O d6 6. Bc2 Nf6 7. d4 cxd4 8. Nxd4
O-O 9. f4 e5 10. Nxc6 bxc6 11. fxe5 Qb6+ 12. Kh1 dxe5 13. Qf3 Ba6 14. Re1 Ne8
15. Bb3 Rd8 16. Qf5 Qc7 17. Nd2 g6 18. Qh3 Rd3 19. Nf3 Bc8 20. Qg3 Bf6 21. Bh6
Ng7 22. Bc4 Rdd8 23. Ng5 Qe7 24. Rf1 Kh8 25. Qh4 Nh5 26. Bxf8 Rxf8 27. Rxf6
Nxf6 28. Rf1 h5 29. Nxf7+ Kg7 30. Ng5 Qd6 31. Qf2 Nh7 32. Qxa7+ Kh6 33. Nf7+
Rxf7 34. Qxf7 Qc5 35. h4 Qe3 36. Qf3 Qd2 37. Bg8 Bg4 38. Qf7 1-0

[Event "Madrid ch 2016/2017 - Previa B"]
[Site "Madrid ESP"]
[Date "2017.02.11"]
[Round "5.3"]
[White "Tarrio Ocaña, Jose Manuel"]
[Black "Vazquez Gonzalez, Francisco"]
[Result "1-0"]
[WhiteElo "1785"]
[BlackElo "1943"]
[PlyCount "63"]
[EventDate "2017.02.02"]
[EventType "swiss"]
[EventRounds "9"]
[EventCountry "ESP"]
[SourceTitle "Ajedrez en Madrid"]
[Source "lmi"]
[SourceDate "2017.02.02"]

1. e4 c5 2. Nc3 Nc6 3. Bb5 e6 4. Bxc6 bxc6 5. f4 d5 6. d3 Rb8 7. Nf3 Nf6 8. O-O
c4 9. e5 Ng4 10. Ng5 Qb6+ 11. d4 Nh6 12. Na4 Qc7 13. c3 Ba6 14. g4 Bb5 15. f5
Qd7 16. fxe6 fxe6 17. b3 Be7 18. Rf2 Bxa4 19. bxa4 Bxg5 20. Bxg5 Nf7 21. Bc1
O-O 22. Ba3 Rfc8 23. h4 c5 24. Qf3 cxd4 25. cxd4 Rb7 26. Raf1 Qxa4 27. Bc5 Qd7
28. g5 g6 29. Qf6 Qd8 30. Qxe6 Qe8 31. Qxd5 Kg7 32. Qxb7 1-0

[Event "Madrid ch 2016/2017 - Previa B"]
[Site "Madrid ESP"]
[Date "2017.02.11"]
[Round "5.4"]
[White "Anton Quevedo, Andrea"]
[Black "Garcia Serrano, Jose M"]
[Result "0-1"]
[WhiteElo "1922"]
[BlackElo "1859"]
[PlyCount "90"]
[EventDate "2017.02.02"]
[EventType "swiss"]
[EventRounds "9"]
[EventCountry "ESP"]
[SourceTitle "Ajedrez en Madrid"]
[Source "lmi"]
[SourceDate "2017.02.02"]

1. c4 Nf6 2. g3 e5 3. Bg2 c6 4. Nc3 d5 5. d3 h6 6. Nf3 d4 7. Nb1 Bd6 8. O-O O-O
9. Bd2 c5 10. Na3 a6 11. Nc2 Nc6 12. a3 a5 13. Rb1 Be6 14. b4 Qd7 15. bxa5 Bh3
16. Rb5 Bxg2 17. Kxg2 e4 18. dxe4 Nxe4 19. Be1 Rfe8 20. e3 g5 21. exd4 g4 22.
Ng1 cxd4 23. Bd2 Bf8 24. Rh5 Qe6 25. Re1 Qg6 26. Rd5 Bg7 27. a6 bxa6 28. Nb4
Ne5 29. Na2 Nxd2 30. Qxd2 Nxc4 31. Rxe8+ Rxe8 32. Qf4 Qe4+ 33. Qxe4 Rxe4 34. f3
gxf3+ 35. Kxf3 Re3+ 36. Kf2 Rxa3 37. Nb4 a5 38. Nc6 Ra2+ 39. Kf3 Ra3+ 40. Kf4
d3 41. Nf3 Ra4 42. Ne7+ Kf8 43. Nf5 Nb6+ 44. Rd4 Bxd4 45. N5xd4 Rxd4+ 0-1

[Event "Madrid ch 2016/2017 - Previa B"]
[Site "Madrid ESP"]
[Date "2017.02.11"]
[Round "5.5"]
[White "Cuellar Gutierrez, Raul"]
[Black "Ochoa Gonzalez, Hugo"]
[Result "1-0"]
[WhiteElo "1835"]
[BlackElo "1422"]
[PlyCount "95"]
[EventDate "2017.02.02"]
[EventType "swiss"]
[EventRounds "9"]
[EventCountry "ESP"]
[SourceTitle "Ajedrez en Madrid"]
[Source "lmi"]
[SourceDate "2017.02.02"]

1. e4 c5 2. Nf3 e6 3. d3 Qc7 4. g3 Nc6 5. Bg2 b5 6. O-O Bb7 7. Nc3 a6 8. d4
cxd4 9. Nxd4 Nf6 10. Bg5 Be7 11. a3 O-O 12. Re1 Qe5 13. Nf3 Qc7 14. Qe2 d6 15.
Rad1 Ne5 16. Nxe5 dxe5 17. Rd2 h6 18. Bxf6 Bxf6 19. Red1 Bc6 20. h4 Rab8 21.
Na2 Rfc8 22. Nb4 Ra8 23. Rd6 Qb7 24. c3 Be7 25. Rxc6 Rxc6 26. Nxc6 Qxc6 27. Qh5
Qc7 28. Bf1 a5 29. Bxb5 Rb8 30. a4 Qc5 31. Qf3 Bd6 32. Kg2 Rf8 33. Qd3 Bc7 34.
Qe2 Bb6 35. Rd2 f5 36. Qc4 Qe7 37. Qc6 Bd8 38. Bc4 Kh8 39. exf5 exf5 40. Rd7
Qe8 41. Qb7 Qg6 42. Bf7 Qg4 43. f3 Qxa4 44. Bb3 Qa1 45. Rxg7 Qxb2+ 46. Kh3 Qxb3
47. Rh7+ Kg8 48. Qg7# 1-0

[Event "Madrid ch 2016/2017 - Previa B"]
[Site "Madrid ESP"]
[Date "2017.02.11"]
[Round "5.6"]
[White "Fernandez Estremera, Fernando"]
[Black "Baeza Escudero, Javier"]
[Result "1-0"]
[WhiteElo "1793"]
[BlackElo "1821"]
[PlyCount "61"]
[EventDate "2017.02.02"]
[EventType "swiss"]
[EventRounds "9"]
[EventCountry "ESP"]
[SourceTitle "Ajedrez en Madrid"]
[Source "lmi"]
[SourceDate "2017.02.02"]

1. d4 Nf6 2. c4 g6 3. Nc3 Bg7 4. e4 d6 5. Nf3 O-O 6. Be2 e5 7. O-O Nc6 8. d5
Ne7 9. b4 Nh5 10. g3 f5 11. Ng5 Nf6 12. Bf3 fxe4 13. Ngxe4 a5 14. Ba3 axb4 15.
Bxb4 b6 16. a4 Nf5 17. a5 Nd4 18. Bg2 bxa5 19. Bxa5 Ba6 20. Qa4 Qe7 21. Nb5
Bxb5 22. cxb5 Qd7 23. Nc3 e4 24. Qxd4 Ng4 25. Qxe4 Rxa5 26. Rxa5 Bxc3 27. Ra3
Be5 28. Bh3 Nf6 29. Qxe5 dxe5 30. Bxd7 Nxd7 31. Ra7 1-0

[Event "Madrid ch 2016/2017 - Previa B"]
[Site "Madrid ESP"]
[Date "2017.02.11"]
[Round "5.7"]
[White "Del Noval Nemeshazi, Nesztor"]
[Black "Rodriguez Bernal, Herman"]
[Result "1-0"]
[WhiteElo "1878"]
[BlackElo "1781"]
[PlyCount "71"]
[EventDate "2017.02.02"]
[EventType "swiss"]
[EventRounds "9"]
[EventCountry "ESP"]
[SourceTitle "Ajedrez en Madrid"]
[Source "lmi"]
[SourceDate "2017.02.02"]

1. e4 c5 2. Nf3 Nc6 3. d4 cxd4 4. Nxd4 g6 5. Nc3 Bg7 6. Be3 a6 7. Qd2 Nf6 8. f3
O-O 9. Bc4 b5 10. Bb3 Bb7 11. O-O-O Rc8 12. Kb1 Ne5 13. g4 Nc4 14. Bxc4 Rxc4
15. h4 b4 16. Nce2 e5 17. Nb3 Nxe4 18. Qxd7 Qa8 19. Na5 Rxc2 20. Kxc2 Rc8+ 21.
Kb1 Nc3+ 22. bxc3 Bxf3 23. Rdf1 Qe4+ 24. Ka1 Bxg4 25. Qd2 bxc3 26. Nxc3 Qb4 27.
Nd5 Qa4 28. Ne7+ Kh8 29. Nxc8 e4+ 30. Kb1 Qb5+ 31. Nb3 Qd3+ 32. Qxd3 exd3 33.
Nd6 Be2 34. Rxf7 d2 35. Bxd2 Bd3+ 36. Kc1 1-0

[Event "Madrid ch 2016/2017 - Previa B"]
[Site "Madrid ESP"]
[Date "2017.02.11"]
[Round "5.8"]
[White "Ocaña Lameiro, Oliver"]
[Black "Dominguez Afonso, Ayraldo"]
[Result "1-0"]
[WhiteElo "1982"]
[BlackElo "1595"]
[PlyCount "35"]
[EventDate "2017.02.02"]
[EventType "swiss"]
[EventRounds "9"]
[EventCountry "ESP"]
[SourceTitle "Ajedrez en Madrid"]
[Source "lmi"]
[SourceDate "2017.02.02"]

1. c4 e5 2. Nc3 Nf6 3. Nf3 Nc6 4. d4 exd4 5. Nxd4 Bc5 6. Nb3 Be7 7. g3 b6 8.
Bg2 Bb7 9. e4 Ne5 10. Qe2 Ba6 11. Nd2 O-O 12. f4 Nc6 13. e5 Ne8 14. O-O Bc5+
15. Kh1 Nd4 16. Qd3 Rb8 17. b4 Nb3 18. axb3 1-0

[Event "Madrid ch 2016/2017 - Previa B"]
[Site "Madrid ESP"]
[Date "2017.02.11"]
[Round "5.9"]
[White "Rodriguez Torres, Manuel"]
[Black "Morera Rodriguez, Ignacio"]
[Result "0-1"]
[WhiteElo "1588"]
[BlackElo "1972"]
[PlyCount "100"]
[EventDate "2017.02.02"]
[EventType "swiss"]
[EventRounds "9"]
[EventCountry "ESP"]
[SourceTitle "Ajedrez en Madrid"]
[Source "lmi"]
[SourceDate "2017.02.02"]

1. e4 c5 2. Nf3 d6 3. d4 cxd4 4. Nxd4 Nf6 5. Nc3 a6 6. Bc4 e6 7. Bb3 b5 8. Bg5
Be7 9. Qf3 Qc7 10. Bxf6 Bxf6 11. e5 Bb7 12. Bd5 exd5 13. exf6 gxf6 14. O-O-O
Nd7 15. Nxd5 O-O-O 16. Ne7+ Kb8 17. Nec6+ Ka8 18. Qa3 Rc8 19. Nb4 Qc5 20. c3
Nb6 21. Qb3 Nc4 22. Rhe1 Qg5+ 23. Kb1 Nd2+ 24. Rxd2 Qxd2 25. Re2 Qg5 26. Qxf7
Qg6+ 27. Qxg6 hxg6 28. h3 Rhe8 29. g3 Rxe2 30. Nxe2 a5 31. Nd3 Be4 32. Kc2 Kb7
33. Nd4 b4 34. Kd2 bxc3+ 35. bxc3 Bxd3 36. Kxd3 g5 37. Nf5 Kc7 38. Kd4 Re8 39.
Kd3 Re1 40. h4 gxh4 41. gxh4 Rh1 42. Ke4 Kd7 43. Kf4 Rc1 44. h5 Rxc3 45. f3
Rc4+ 46. Kg3 Ke6 47. Nh4 Rc5 48. Kg4 Rg5+ 49. Kf4 Rxh5 50. Ng2 Rh2 0-1

[Event "Madrid ch 2016/2017 - Previa B"]
[Site "Madrid ESP"]
[Date "2017.02.11"]
[Round "5.10"]
[White "Benitez Cadenas, Luis Miguel"]
[Black "Peña Marina, Jose Maria"]
[Result "1/2-1/2"]
[WhiteElo "1572"]
[BlackElo "1762"]
[PlyCount "67"]
[EventDate "2017.02.02"]
[EventType "swiss"]
[EventRounds "9"]
[EventCountry "ESP"]
[SourceTitle "Ajedrez en Madrid"]
[Source "lmi"]
[SourceDate "2017.02.02"]

1. d4 Nf6 2. Nf3 g6 3. g3 Bg7 4. Bg2 O-O 5. O-O d5 6. c4 e6 7. Bf4 Nbd7 8. Nc3
c6 9. Qc2 Re8 10. Rfe1 a6 11. cxd5 exd5 12. e4 dxe4 13. Nxe4 Nxe4 14. Rxe4 Rxe4
15. Qxe4 Nf6 16. Qd3 Be6 17. Be5 Bd5 18. b3 Ng4 19. Bxg7 Kxg7 20. Ne1 Bxg2 21.
Nxg2 Nf6 22. Nf4 Nd5 23. Qe4 Nxf4 24. Qxf4 Qd7 25. Re1 Rd8 26. Qe5+ Kg8 27. Rd1
Qd6 28. Qe4 Qe6 29. f3 Qxe4 30. fxe4 f6 31. Kf2 Kf7 32. Kf3 Ke6 33. h4 h5 34.
Kf4 1/2-1/2

[Event "Madrid ch 2016/2017 - Previa B"]
[Site "Madrid ESP"]
[Date "2017.02.11"]
[Round "5.11"]
[White "Leniz Martinez, Francisco"]
[Black "Moro Serrano, Federico"]
[Result "1/2-1/2"]
[WhiteElo "1721"]
[BlackElo "1626"]
[PlyCount "101"]
[EventDate "2017.02.02"]
[EventType "swiss"]
[EventRounds "9"]
[EventCountry "ESP"]
[SourceTitle "Ajedrez en Madrid"]
[Source "lmi"]
[SourceDate "2017.02.02"]

1. e4 c5 2. c3 d5 3. exd5 Qxd5 4. d4 Nc6 5. Nf3 Bg4 6. Be2 Nf6 7. h3 Bh5 8. O-O
e6 9. Be3 cxd4 10. cxd4 Be7 11. Nc3 Qd8 12. Qb3 O-O 13. Rfd1 Na5 14. Qa4 Nd5
15. Nxd5 Qxd5 16. Rac1 Rac8 17. Bd2 Nc6 18. Be3 Rfd8 19. a3 a6 20. Qc4 Qxc4 21.
Rxc4 Rd5 22. Rdc1 Rcd8 23. Kf1 Bf6 24. Rc5 h6 25. b4 Be7 26. Rxd5 Rxd5 27. Rb1
Bf6 28. a4 Rd7 29. b5 Bxf3 30. Bxf3 Nxd4 31. Bxd4 Bxd4 32. bxa6 bxa6 33. Rb8+
Kh7 34. Rb7 Rxb7 35. Bxb7 a5 36. Ke2 Kg6 37. g3 Kf5 38. Kf3 Ke5 39. Ke2 f5 40.
f4+ Kd6 41. Kf3 g5 42. Bc8 Kd5 43. Bb7+ Kc5 44. Bc8 Kd6 45. Bb7 e5 46. fxe5+
Bxe5 47. Ba6 Kc5 48. Bb5 Kd4 49. Bd7 f4 50. gxf4 Bxf4 51. Be8 1/2-1/2

[Event "Madrid ch 2016/2017 - Previa B"]
[Site "Madrid ESP"]
[Date "2017.02.11"]
[Round "5.12"]
[White "Alvear Zapata, Juan Pablo"]
[Black "Ingunza Curro, Andres"]
[Result "0-1"]
[WhiteElo "1503"]
[BlackElo "1670"]
[PlyCount "128"]
[EventDate "2017.02.02"]
[EventType "swiss"]
[EventRounds "9"]
[EventCountry "ESP"]
[SourceTitle "Ajedrez en Madrid"]
[Source "lmi"]
[SourceDate "2017.02.02"]

1. e4 c5 2. Nc3 d6 3. g3 Nc6 4. Bg2 g6 5. Nge2 Bg7 6. O-O e6 7. d3 Nge7 8. Be3
O-O 9. Qd2 Qa5 10. Bh6 Nd4 11. Bxg7 Kxg7 12. Nxd4 cxd4 13. Nb1 Qxd2 14. Nxd2 e5
15. Nc4 Rd8 16. a4 Be6 17. b3 f6 18. f4 Nc6 19. fxe5 dxe5 20. Rf2 b6 21. Raf1
Rf8 22. Nd6 Rad8 23. Nb5 Rd7 24. h3 a6 25. Na3 Rff7 26. Nc4 b5 27. axb5 axb5
28. Na3 Na7 29. g4 h6 30. Kh2 Rd6 31. Nb1 Rc6 32. Kg3 Nc8 33. Na3 Nd6 34. h4
Ra7 35. Rxf6 Rxa3 36. Rxe6 Nxe4+ 37. Bxe4 Rxe6 38. g5 Ra7 39. gxh6+ Kxh6 40.
Rf8 Rc7 41. Rh8+ Kg7 42. Rb8 Rxc2 43. Rxb5 Rc1 44. Rb7+ Kf8 45. b4 Ke8 46. b5
Rb1 47. Bc6+ Kd8 48. Rd7+ Kc8 49. Rf7 Rxc6 50. bxc6 Rd1 51. Rf3 Kc7 52. Kg4
Rg1+ 53. Rg3 Rxg3+ 54. Kxg3 Kxc6 55. Kf2 Kd6 56. Kg3 Ke6 57. Kg4 Kf6 58. Kg3 g5
59. h5 e4 60. dxe4 d3 61. Kf3 g4+ 62. Ke3 g3 63. e5+ Kxe5 64. h6 Kf6 0-1

[Event "Madrid ch 2016/2017 - Previa B"]
[Site "Madrid ESP"]
[Date "2017.02.11"]
[Round "5.13"]
[White "Alameda Arellano, Cristeto"]
[Black "Osuna Osuna, Francisco"]
[Result "1/2-1/2"]
[WhiteElo "1507"]
[BlackElo "1588"]
[PlyCount "91"]
[EventDate "2017.02.02"]
[EventType "swiss"]
[EventRounds "9"]
[EventCountry "ESP"]
[SourceTitle "Ajedrez en Madrid"]
[Source "lmi"]
[SourceDate "2017.02.02"]

1. d4 f5 2. Nf3 Nf6 3. Bf4 e6 4. e3 d5 5. c4 c6 6. Nc3 Bd6 7. Bxd6 Qxd6 8. c5
Qd8 9. Ne5 O-O 10. b4 Ne4 11. Qc2 Qf6 12. g3 Nd7 13. Nxd7 Bxd7 14. f4 h5 15. h4
Nxg3 16. Rg1 Nxf1 17. Rxf1 Qxh4+ 18. Rf2 Qf6 19. O-O-O Kf7 20. Rg1 Rh8 21. Rfg2
Rag8 22. Rg6 Qe7 23. Qg2 Kf8 24. Qh3 Be8 25. R6g5 g6 26. Na4 Qc7 27. Nb2 b6 28.
Nd3 bxc5 29. Nxc5 Ke7 30. Qh4 Kf7 31. Nd3 Qb7 32. Ne5+ Kf8 33. Nxg6+ Bxg6 34.
Rxg6 Rxg6 35. Rxg6 Qe7 36. Rf6+ Ke8 37. Qg5 Kd7 38. Qg6 Rf8 39. Rxf8 Qxf8 40.
Qxh5 Qxb4 41. Qf7+ Kd8 42. Qxe6 Qc3+ 43. Kb1 Qb4+ 44. Kc1 Qc3+ 45. Kb1 Qb4+ 46.
Kc1 1/2-1/2

[Event "Madrid ch 2016/2017 - Previa B"]
[Site "Madrid ESP"]
[Date "2017.02.11"]
[Round "5.15"]
[White "Perdiguero Herreros, Alejandro"]
[Black "Lopez Martinez, Antonio"]
[Result "0-1"]
[WhiteElo "1409"]
[BlackElo "1648"]
[PlyCount "118"]
[EventDate "2017.02.02"]
[EventType "swiss"]
[EventRounds "9"]
[EventCountry "ESP"]
[SourceTitle "Ajedrez en Madrid"]
[Source "lmi"]
[SourceDate "2017.02.02"]

1. e4 e5 2. Nf3 d6 3. Bc4 Be7 4. c3 Nf6 5. d3 c6 6. Qb3 O-O 7. Ng5 Qe8 8. Be3
h6 9. Nf3 Nbd7 10. O-O b5 11. Bxb5 cxb5 12. Qxb5 a6 13. Qc4 Bb7 14. Nbd2 Qc8
15. Qb4 Nc5 16. Qc4 Ne6 17. Qb3 Qd7 18. Qc2 Qc7 19. Rfd1 d5 20. exd5 Nxd5 21.
Nf1 Bf6 22. c4 Nxe3 23. Nxe3 Bxf3 24. gxf3 Nd4 25. Nd5 Nxc2 26. Nxc7 Ra7 27.
Rac1 Nd4 28. Nd5 Bg5 29. Rc3 Ne2+ 30. Kg2 Nxc3 31. Nxc3 Rd8 32. Nd5 Bf4 33. Kh3
Rd6 34. Re1 f6 35. Re2 Kf7 36. Rc2 Ke6 37. Re2 Kd7 38. Rc2 Kc6 39. b4 a5 40.
Rb2 axb4 41. Nxb4+ Kc5 42. Nd5 Kd4 43. Nb4 Ra8 44. Rb3 Bd2 45. Nc2+ Kc5 46.
Rb5+ Kc6 47. Rb3 Rxa2 48. Nb4+ Bxb4 49. Rxb4 Rxd3 50. c5 Rdd2 51. Rg4 Rxf2 52.
Kg3 Rg2+ 53. Kh3 Rxg4 54. Kxg4 Rg2+ 55. Kh3 Rg1 56. Kh4 Kxc5 57. Kh3 f5 58. Kh4
e4 59. fxe4 fxe4 0-1

[Event "Madrid ch 2016/2017 - Previa B"]
[Site "Madrid ESP"]
[Date "2017.02.11"]
[Round "5.16"]
[White "Ghavami, Mahmoud"]
[Black "Herreros Villalba, Ana"]
[Result "1/2-1/2"]
[WhiteElo "1586"]
[BlackElo "1114"]
[PlyCount "56"]
[EventDate "2017.02.02"]
[EventType "swiss"]
[EventRounds "9"]
[EventCountry "ESP"]
[SourceTitle "Ajedrez en Madrid"]
[Source "lmi"]
[SourceDate "2017.02.02"]

1. d4 d5 2. Nf3 e6 3. Bf4 Nc6 4. e3 Nf6 5. c3 a6 6. Bd3 b5 7. Nbd2 g6 8. Ne5
Bb7 9. Nxc6 Bxc6 10. Nf3 Ne4 11. Ne5 Bb7 12. Qf3 Qe7 13. Qh3 b4 14. f3 Nf6 15.
Rb1 O-O-O 16. O-O bxc3 17. bxc3 Nd7 18. Rb3 h5 19. Rfb1 Nb6 20. Bxg6 Rg8 21.
Bxf7 Rg7 22. Bxe6+ Kb8 23. Nd7+ Ka7 24. Nxb6 cxb6 25. Rxb6 Rg6 26. Rxb7+ Qxb7
27. Rxb7+ Kxb7 28. Qh4 Rxe6 1/2-1/2

[Event "Madrid ch 2016/2017 - Previa B"]
[Site "Madrid ESP"]
[Date "2017.02.11"]
[Round "5.18"]
[White "Ojosnegros Martin, Angel"]
[Black "Martinez Pascual, Gonzalo"]
[Result "1-0"]
[WhiteElo "1516"]
[BlackElo "1493"]
[PlyCount "81"]
[EventDate "2017.02.02"]
[EventType "swiss"]
[EventRounds "9"]
[EventCountry "ESP"]
[SourceTitle "Ajedrez en Madrid"]
[Source "lmi"]
[SourceDate "2017.02.02"]

1. e4 c6 2. d4 d5 3. exd5 cxd5 4. Nf3 Bg4 5. c3 e6 6. Bf4 Bd6 7. Bxd6 Qxd6 8.
Nbd2 Nf6 9. Bd3 O-O 10. Qc2 Nc6 11. O-O Rac8 12. Qb1 Rfe8 13. Re1 e5 14. dxe5
Nxe5 15. Nxe5 Rxe5 16. Qc2 Rce8 17. Rxe5 Qxe5 18. Bf1 Bf5 19. Qb3 Qf4 20. Nf3
b6 21. a4 Be4 22. h3 Bxf3 23. gxf3 Qxf3 24. Bg2 Qf5 25. Qd1 Ne4 26. Qd4 Qg5 27.
Re1 Kf8 28. c4 Nf6 29. Rxe8+ Kxe8 30. cxd5 Nh5 31. Qc4 Kd8 32. d6 Qc5 33. Qxf7
Qg5 34. Qc7+ Ke8 35. d7+ Kf7 36. d8=Q+ Kg6 37. Qe8+ Kh6 38. Qd6+ g6 39. Qdf8+
Ng7 40. Qe3 Qxe3 41. fxe3 1-0

[Event "Madrid ch 2016/2017 - Previa B"]
[Site "Madrid ESP"]
[Date "2017.02.17"]
[Round "6.1"]
[White "Tarrio Ocaña, Jose Manuel"]
[Black "Vazquez Gonzalez, Jesus"]
[Result "1/2-1/2"]
[WhiteElo "1785"]
[BlackElo "1911"]
[PlyCount "78"]
[EventDate "2017.02.02"]
[EventType "swiss"]
[EventRounds "9"]
[EventCountry "ESP"]
[SourceTitle "Ajedrez en Madrid"]
[Source "lmi"]
[SourceDate "2017.02.02"]

1. e4 g6 2. d4 Bg7 3. Nc3 c5 4. Be3 Qa5 5. Qd2 Nf6 6. f3 cxd4 7. Bxd4 Nc6 8.
Be3 a6 9. Nge2 b5 10. Nd4 Bb7 11. Nb3 Qc7 12. Bh6 Bxh6 13. Qxh6 Ne5 14. Qd2 Rc8
15. Bd3 O-O 16. O-O Rfd8 17. Rad1 d5 18. exd5 Nxd5 19. Nxd5 Rxd5 20. Qe2 Nxd3
21. cxd3 Rh5 22. g3 Re5 23. Qf2 Rd8 24. d4 Rf5 25. Qe3 h5 26. Nc5 Rfd5 27. Nxb7
Qxb7 28. Kg2 e5 29. Qe4 f5 30. Qh4 exd4 31. Rfe1 Qc6 32. Rc1 Qb6 33. Re7 R5d7
34. Rce1 Rxe7 35. Rxe7 Qd6 36. Re6 Qxe6 37. Qxd8+ Kh7 38. Qxd4 Qe2+ 39. Qf2 Qe6
1/2-1/2

[Event "Madrid ch 2016/2017 - Previa B"]
[Site "Madrid ESP"]
[Date "2017.02.17"]
[Round "6.2"]
[White "Garcia Serrano, Jose M"]
[Black "Barragan Arriaza, Pablo"]
[Result "1/2-1/2"]
[WhiteElo "1859"]
[BlackElo "1813"]
[PlyCount "80"]
[EventDate "2017.02.02"]
[EventType "swiss"]
[EventRounds "9"]
[EventCountry "ESP"]
[SourceTitle "Ajedrez en Madrid"]
[Source "lmi"]
[SourceDate "2017.02.02"]

1. e4 g6 2. d4 Bg7 3. Nc3 d6 4. f4 Nd7 5. Nf3 a6 6. Bc4 e6 7. a4 Ne7 8. O-O O-O
9. Be3 Nb6 10. Bb3 d5 11. e5 Nf5 12. Bf2 h5 13. g3 Nd7 14. h3 Nh6 15. Ng5 Qe7
16. g4 hxg4 17. hxg4 c5 18. Bxd5 exd5 19. Nxd5 Qd8 20. dxc5 Bxe5 21. Qf3 Bg7
22. Ne4 Nxg4 23. Qxg4 Nxc5 24. Qf3 Nxe4 25. Qxe4 Re8 26. Qg2 Be6 27. Rad1 Bxd5
28. Rxd5 Qc7 29. Bd4 Bxd4+ 30. Rxd4 Qc5 31. c3 Qf5 32. Rd5 Qe4 33. Qxe4 Rxe4
34. Rd7 b5 35. axb5 axb5 36. Rb7 Ra5 37. Rf2 Kg7 38. Kg2 Re3 39. Rd2 Ra4 40.
Rf2 Ra5 1/2-1/2

[Event "Madrid ch 2016/2017 - Previa B"]
[Site "Madrid ESP"]
[Date "2017.02.17"]
[Round "6.3"]
[White "Garcia Prados, David"]
[Black "Cuellar Gutierrez, Raul"]
[Result "1-0"]
[WhiteElo "1928"]
[BlackElo "1835"]
[PlyCount "89"]
[EventDate "2017.02.02"]
[EventType "swiss"]
[EventRounds "9"]
[EventCountry "ESP"]
[SourceTitle "Ajedrez en Madrid"]
[Source "lmi"]
[SourceDate "2017.02.02"]

1. e4 e6 2. d4 d5 3. e5 c5 4. c3 Qb6 5. Nf3 Nc6 6. a3 c4 7. g3 Bd7 8. Bg2 Nge7
9. O-O Na5 10. Nbd2 h6 11. Re1 g5 12. Nf1 Ng6 13. Ne3 Nb3 14. Rb1 Be7 15. Bd2
h5 16. h3 O-O-O 17. Qe2 Rdg8 18. Nh2 Kb8 19. Nef1 Qd8 20. Bf3 h4 21. Bg4 hxg3
22. fxg3 Nf8 23. Be3 f5 24. exf6 Bxf6 25. Nf3 Ng6 26. Bf2 e5 27. Nxe5 Bxg4 28.
Qxg4 Rg7 29. Re2 Bxe5 30. dxe5 Rgh7 31. Kg2 Rxh3 32. Qxh3 Rxh3 33. Kxh3 Qh8+
34. Kg2 g4 35. e6 Ne5 36. Rxe5 Qxe5 37. Re1 Qh5 38. Be3 Kc8 39. e7 Kd7 40. Bf4
Ke8 41. Re5 Qh7 42. Bg5 Qc2+ 43. Kg1 Na5 44. Rxd5 Nc6 45. Rd8+ 1-0

[Event "Madrid ch 2016/2017 - Previa B"]
[Site "Madrid ESP"]
[Date "2017.02.17"]
[Round "6.4"]
[White "Vazquez Gonzalez, Francisco"]
[Black "Fernandez Estremera, Fernando"]
[Result "1-0"]
[WhiteElo "1943"]
[BlackElo "1793"]
[PlyCount "119"]
[EventDate "2017.02.02"]
[EventType "swiss"]
[EventRounds "9"]
[EventCountry "ESP"]
[SourceTitle "Ajedrez en Madrid"]
[Source "lmi"]
[SourceDate "2017.02.02"]

1. e4 c5 2. Nc3 e6 3. a3 a6 4. Nf3 b5 5. d4 cxd4 6. Nxd4 Bb7 7. Be2 Nf6 8. e5
Nd5 9. Nxd5 Bxd5 10. Bf3 Qc7 11. Bf4 Bxf3 12. Qxf3 Nc6 13. Nxc6 Qxc6 14. Qxc6
dxc6 15. Ke2 O-O-O 16. Rhc1 Rd4 17. Kf3 Be7 18. Be3 Rd5 19. c4 Rxe5 20. cxb5
Rxb5 21. Rxc6+ Kb7 22. Rac1 Bd8 23. Rd6 Rd5 24. Rxd5 exd5 25. Rc5 Bf6 26. Rxd5
Bxb2 27. Rd7+ Kc6 28. Rxf7 Bxa3 29. Rxg7 Bb4 30. Bd4 Rd8 31. Ke4 h5 32. Rg6+
Kb5 33. Rg5+ Kc4 34. Bb6 Rd6 35. Ba5 Rd4+ 36. Kf3 Rd3+ 37. Ke2 Rd2+ 38. Kf3
Rd3+ 39. Kf4 Rd4+ 40. Kg3 Bd6+ 41. Kh3 h4 42. Bb6 Rd3+ 43. f3 Be7 44. Ra5 Rb3
45. Rxa6 Kb5 46. Ra7 Bf6 47. Bf2 Rb4 48. Rb7+ Ka4 49. Rxb4+ Kxb4 50. Bxh4 Bg7
51. Kg4 Kc5 52. Kf5 Kd6 53. Bf6 Bf8 54. h4 Kd7 55. h5 Ke8 56. Kg6 Bh6 57. Kxh6
Kf7 58. Bc3 Kg8 59. Kg6 Kf8 60. h6 1-0

[Event "Madrid ch 2016/2017 - Previa B"]
[Site "Madrid ESP"]
[Date "2017.02.17"]
[Round "6.5"]
[White "Morera Rodriguez, Ignacio"]
[Black "Ocaña Lameiro, Oliver"]
[Result "1-0"]
[WhiteElo "1972"]
[BlackElo "1982"]
[PlyCount "81"]
[EventDate "2017.02.02"]
[EventType "swiss"]
[EventRounds "9"]
[EventCountry "ESP"]
[SourceTitle "Ajedrez en Madrid"]
[Source "lmi"]
[SourceDate "2017.02.02"]

1. d4 Nf6 2. c4 e6 3. Nf3 d5 4. g3 b6 5. Bg2 Bb7 6. Ne5 Nbd7 7. O-O Nxe5 8.
dxe5 Nd7 9. cxd5 Nxe5 10. dxe6 Qxd1 11. exf7+ Nxf7 12. Rxd1 Bxg2 13. Kxg2 Nd6
14. Nc3 O-O-O 15. Bg5 Re8 16. Rac1 Kb7 17. Rc2 Nf7 18. Bf4 g5 19. Bc1 a6 20. b3
Bd6 21. Bb2 Re6 22. f3 Rhe8 23. Ne4 g4 24. Kf2 Rxe4 25. fxe4 Rxe4 26. Rc4 Rxc4
27. bxc4 Kc6 28. Rd5 b5 29. Rf5 Bc5+ 30. Kf1 Nd6 31. cxb5+ axb5 32. Rh5 Nc4 33.
Bc1 b4 34. Rxh7 Be3 35. Bxe3 Nxe3+ 36. Ke1 Nd5 37. Rg7 Nc3 38. Rxg4 Nxa2 39.
Rc4+ Kd6 40. Rc2 Nc3 41. Rxc3 1-0

[Event "Madrid ch 2016/2017 - Previa B"]
[Site "Madrid ESP"]
[Date "2017.02.17"]
[Round "6.6"]
[White "Ingunza Curro, Andres"]
[Black "Del Noval Nemeshazi, Nesztor"]
[Result "1/2-1/2"]
[WhiteElo "1670"]
[BlackElo "1878"]
[PlyCount "74"]
[EventDate "2017.02.02"]
[EventType "swiss"]
[EventRounds "9"]
[EventCountry "ESP"]
[SourceTitle "Ajedrez en Madrid"]
[Source "lmi"]
[SourceDate "2017.02.02"]

1. e4 c5 2. Nf3 d6 3. d4 cxd4 4. Nxd4 Nf6 5. f3 a6 6. c4 e6 7. Nc3 Be7 8. Be3
O-O 9. Be2 Nbd7 10. O-O Re8 11. Qd2 b6 12. Nc6 Qc7 13. Nxe7+ Rxe7 14. Rfd1 Ne8
15. Bf4 Ne5 16. Rac1 Rd7 17. Na4 Qc6 18. b3 Rb8 19. Bf1 Ng6 20. Be3 Rdb7 21.
Qf2 Bd7 22. Bxb6 Rxb6 23. Nxb6 Rxb6 24. c5 dxc5 25. Rxc5 Qb7 26. Rdc1 Ne7 27.
Qh4 Bc6 28. Bd3 e5 29. Qg5 f6 30. Bc4+ Kh8 31. Qh5 g6 32. Qh6 Ng7 33. Rd1 Qc7
34. Qh4 Ne8 35. Qh6 Ng7 36. Qh4 Ne8 37. Qh6 Ng7 1/2-1/2